000 01271nam a2200193 a 4500
008 211129s2010 ||||||||||||||||| || u
020 _a9781847692948
050 _aGN 346 Blo
100 _aBlommaert, Jan
245 1 1 _a Ethnographic fieldwork : a beginner's guide
_cBy Jan Blommaert and Dong Jie
260 _aBuffalo
_bMultilingual Matters
_c2010
300 _av, 92 pages : illustrations
700 _aJie, Dong
995 _aMEDICAL LIBRARY OPEN ACCESS
_e905294
_FCBU-SCHOOL OF MEDICINE LIBRARY (Ndola)
_jGN 346 Blo
_M4
_UAVAILABLE
_WJan 18, 2022
_y905294
_ZMedical Library Open Access Collection
995 _aMAIN LIBRARY OPEN ACCESS
_e751387
_FCBU-MAIN LIBRARY (Kitwe)
_I50.36
_jGN 246 Blo
_M1
_UAVAILABLE
_WNov 29, 2021
_y751387
_ZMain Library Open Access Collection
995 _aMAIN LIBRARY OPEN ACCESS
_e751388
_FCBU-MAIN LIBRARY (Kitwe)
_I50.36
_jGN 346 Blo
_M2
_UAVAILABLE
_WNov 29, 2021
_y751388
_ZMain Library Open Access Collection
995 _aMAIN LIBRARY OPEN ACCESS
_e751389
_FCBU-MAIN LIBRARY (Kitwe)
_I50.36
_jGN 346 Blo
_M3
_UAVAILABLE
_WNov 29, 2021
_y751389
_ZMain Library Open Access Collection
995 _aMEDICAL LIBRARY OPEN ACCESS
_e905295
_FCBU-SCHOOL OF MEDICINE LIBRARY (Ndola)
_jGN 346 Blo
_M5
_UAVAILABLE
_WJan 18, 2022
_y905295
_ZMedical Library Open Access Collection
999 _c62876
_d62876